Metodološki zvezki

Detalles Bibliográficos
Autor Corporativo: Univerza v Ljubljani
Formato: Electrónico Revista
Lenguaje:esloveno
inglés
Publicado: Ljubljana, Slovenia : Faculty of Social Sciences, University of Ljubljana
Materias:
Acceso en línea:Full text available from Research Library: 01/01/2004 to present

MARC

LEADER 00000nas a2200000 a 4500
001 ssj0000651248
003 WaSeSS
005 20200512172242.0
006 m d
007 cr n
008 100522c20049999xv || p|s||||||||||0slv|d
035 |a (WaSeSS)ssj0000651248 
040 |a WaSeSS  |c WaSeSS  |d WaSeSS 
041 0 |a slv  |a eng 
050 4 |a HA1 
245 0 0 |a Metodološki zvezki  |h [electronic resource]. 
246 1 1 |a Advances in methodology and statistics 
260 |a Ljubljana, Slovenia :  |b Faculty of Social Sciences, University of Ljubljana 
310 |a Annual 
362 1 |a Began with Vol. 1 (2004). 
506 |a License restrictions may limit access. 
546 |a In Slovenian and English. 
588 |a Description based on: Vol. 1 (2004); title from table of contents page (publisher's website, viewed May 22, 2010). 
588 |a Latest issue consulted: Vol. 6 (2009) (viewed May 22, 2010). 
650 0 |a Statistics  |v Periodicals. 
650 0 |a Methodology  |v Periodicals. 
655 0 |a Electronic journals. 
710 2 |a Univerza v Ljubljani. 
776 0 8 |i Also issued in print:  |t Metodološki zvezki  |x 1854-0031 
856 4 0 |z Full text available from Research Library: 01/01/2004 to present  |u https://search.proquest.com/publication/1396367